000 00431nam a2200157 4500
001 109585
003 ES-MaACL
007 t|
008 061121s1968 sp r ||||1| spa d
245 0 3 _aEl mundo y la iglesia en el futuro /
_ctraducción de Rosa Armet.
250 _a1ª. ed.
260 _aBarcelona :
_bEstela,
_c1968.
300 _a330 p. ;
_c20 cm.
700 1 _aArmet, Rosa.
_922974
852 _aES-MaACL
_jG-3935
_bR.65205
999 _c109585
_d109585